| 000 | 00746nam 22002053 4500 | ||
|---|---|---|---|
| 001 | 201934 | ||
| 010 | _a972-8163-18-5 | ||
| 021 |
_aPT _b125321/98 |
||
| 090 | _a201934 | ||
| 100 | _a20260423d u||y0pory50 ba | ||
| 200 |
_aQuicola : estudo para um conhecimento do património formal da poesia angolana _eos poemas líricos em verso oriundos de Angola e publicados no século XIX no Almanach de lembranças Luso-Brasileiro _fFrancisco Soares |
||
| 210 |
_aÉvora _cPendor _d1998 |
||
| 215 |
_a270, [6] p. _cbrochado _d23 cm |
||
| 225 |
_aAo sul _h7 |
||
| 606 |
_93661 _aCrítica Literária.Estudos Literários |
||
| 675 |
_a82.09 _vPT _zpor |
||
| 700 |
_917177 _aSoares _bFrancisco Manuel Antunes |
||
| 801 |
_aPT _bBMMN _gRPC |
||
| 830 | _cV anda | ||
| 990 | _cLIVROS | ||